000 00798nam a22002297a 4500
008 081020t xxu||||| |||| 00| 0 eng d
010 _aENG-84056
020 _a8178296463
020 _c320.00 (pbk)
035 _aEN-67589
082 _a658.4094
100 _aRamachander, S
245 _aCreativity@work /
_cby S Ramachander
260 _aNew Delhi
_bResponse Books]
260 _c2006
300 _a203p
_c20cm
500 _aIncludes bibliographical references and index
650 _aCreativity ability in business
650 _aTechnological innovations-management
942 _2ddc
_cEN
_h658.4094
_mRAM
999 _c17023
_d17023